000 00661nam a2200193 i 4500
001 185783
003 ES-MaACL
005 20250702063129.0
008 160808s1848 xxk |||| | eng d
100 1 _aThackeray, William Makepeace,
_d1811-1863
_9109858
245 1 0 _aVanity fair :
_ba novel without a hers /
_cby William Makepeace Thackeray.
260 _aLeipzig :
_bBernhard Tauchnitz,
_c[1848]
300 _a1 v. ;
_c16 cm.
490 1 _aCollection of British Authors ;
_v157-9
597 _a3 t. en 1 vol.
830 0 _aCollection of British Authors ;
_v157-9
_9180703
852 _aES-MaACL
_jG-12847
_x177-B-12
999 _c185783
_d185783